000 00407nam a2200181#a 4500
001 01543
003 HDC
007 ta
008 230623s2023 xx 000 0 eng d
020 _a9789832025740 (pbk)
040 _aHDC
050 _aHD30.255
_b .G747 2009
245 0 _aGreen productivity :
_bapplications in Malaysia.
942 _2lcc
942 _cBK
942 _kHD30.255
942 _m .G747 2009
999 _c23109
_d23109